Business communication skills : (Record no. 97923)

MARC details
000 -LEADER
fixed length control field 00580nam a22001937a 4500
005 - DATE AND TIME OF LATEST TRANSACTION
control field 20160108143001.0
010 ## - LCCN (DPL NO)
LC control number ENG-114384
020 ## - INTERNATIONAL STANDARD BOOK NUMBER
International Standard Book Number 9788179981016
Terms of availability 200.00
035 ## - SYSTEM CONTROL NUMBER
System control number EN-97916
037 ## - SOURCE OF ACQUISITION
Source of stock number/acquisition DBAD/PUB
082 ## - DEWEY DECIMAL CLASSIFICATION NUMBER
Classification number 658.45
100 ## - MAIN ENTRY--PERSONAL NAME
Personal name Agarwal, N.P.
245 ## - TITLE STATEMENT
Title Business communication skills :
Statement of responsibility, etc by N. P. Agarwal [and] R.K. Tailor
Remainder of title as per the syllabus of BBA /
260 ## - PUBLICATION, DISTRIBUTION, ETC. (IMPRINT)
Place of publication, distribution, etc Jaipur
Name of publisher, distributor, etc Malik
Date of publication, distribution, etc 2012
270 ## - ADDRESS
Address 337,Chaura Rasta
City Jaipur
Postal code 302003
300 ## - PHYSICAL DESCRIPTION
Extent 355p. :
Dimensions 24cm(pbk)
Other physical details ill.
700 ## - ADDED ENTRY--PERSONAL NAME
Personal name Tailor, R.K.
942 ## - ADDED ENTRY ELEMENTS (KOHA)
Source of classification or shelving scheme Dewey Decimal Classification
Item type English Books
Call number suffix AGA
Classification part 658.45
Holdings
Withdrawn status Lost status Not for loan Collection code Home library Current library Date acquired Source of acquisition Cost, normal purchase price Full call number Barcode Copy number Cost, replacement price Koha item type
    Not For Loan Non-fiction D.B.Act.Division D.B.Act.Division 26/10/2015 DBAD/PUB 200.00 658.45 AGA EN-97916 1 200.00 English Books

© Delhi Public Library
Hit Counter
free hit counter